000 00403nam a2200169Ia 4500
003 GCL
008 140319s9999 xx 000 0 eng d
040 _aGCL /
_cGCL
082 0 4 _a745.546
_bP D
100 1 _aPHILO,MAGGLE
245 1 0 _aDISCOVER DECOUPAGE /
_cPHILO,MAGGLE
260 _a[S.N] :
_bHAMLYN ،
_c1994
300 _a112P
650 0 4 _aHANDCRAFT
650 0 4 _aDE'COUPAGE
942 _2ddc
_cBK
999 _c11949
_d11949